000 00357nam a2200133Ia 4500
005 20260328104315.0
008 260328s9999||||xx |||||||||||||| ||und||
100 _aAndino, Alberto
245 0 _aXVIII Bienal de Arquitectura de Quito /
_cAlberto Andino
260 _bColegio de Arquitectos de Ecuador
300 _a195 p.
650 _aECUADOR
942 _cBK
999 _c11110
_d11110